Is the violence of Tag Mehir a state crime?

Gespeichert in:  
Bibliographische Detailangaben
VerfasserInnen: Salhoub-Kevorkian, Nadera (Verfasst von) ; Yossi, David (Verfasst von)
Medienart: Elektronisch Aufsatz
Sprache:Englisch
Veröffentlicht: 2016
In: The British journal of criminology
Jahr: 2016, Band: 56, Heft: 5, Seiten: 835-856
Online-Zugang: Volltext (Resolving-System)
Verfügbarkeit prüfen: HBZ Gateway
Schlagwörter:

MARC

LEADER 00000caa a2200000 c 4500
001 1554832233
003 DE-627
005 20180731081842.0
007 cr uuu---uuuuu
008 170306s2016 xx |||||o 00| ||eng c
035 |a (DE-627)1554832233 
035 |a (DE-576)484832239 
035 |a (DE-599)BSZ484832239 
040 |a DE-627  |b ger  |c DE-627  |e rda 
041 |a eng 
100 1 |a Salhoub-Kevorkian, Nadera  |e VerfasserIn  |4 aut 
245 1 0 |a Is the violence of Tag Mehir a state crime?  |c  Nadera Shalhoub-Kevorkian; Yossi David 
264 1 |c 2016 
336 |a Text  |b txt  |2 rdacontent 
337 |a Computermedien  |b c  |2 rdamedia 
338 |a Online-Ressource  |b cr  |2 rdacarrier 
700 1 |a Yossi, David  |e VerfasserIn  |4 aut 
773 0 8 |i Enthalten in  |t The British journal of criminology  |d Oxford : Oxford Univ. Press, 1960  |g 56(2016), 5, Seite 835-856  |h Online-Ressource  |w (DE-627)271175559  |w (DE-600)1478955-3  |w (DE-576)079718906  |x 1464-3529  |7 nnas 
773 1 8 |g volume:56  |g year:2016  |g number:5  |g pages:835-856 
856 4 0 |u http://dx.doi.org/10.1093/bjc/azv101  |x Resolving-System  |3 Volltext  |7 1 
951 |a AR 
ELC |a 1 
LOK |0 000 xxxxxcx a22 zn 4500 
LOK |0 001 2957535815 
LOK |0 003 DE-627 
LOK |0 004 1554832233 
LOK |0 005 20170306153839 
LOK |0 008 170306||||||||||||||||ger||||||| 
LOK |0 040   |a DE-21-110  |c DE-627  |d DE-21-110 
LOK |0 689   |a s  |a Hate crimes 
LOK |0 689   |a s  |a Religious crimes 
LOK |0 689   |a s  |a State crimes 
LOK |0 689   |a s  |a Settler colonialism 
LOK |0 689   |a s  |a Tag-Mehir 
LOK |0 689   |a g  |a Israel 
LOK |0 852   |a DE-21-110 
LOK |0 852 1  |9 00 
LOK |0 935   |a krub 
LOK |0 939   |a 06-03-17  |b l01 
ORI |a SA-MARC-krimdoka001.raw